000
00215nam a22000977a 4500
999
_c
262853
_d
262852
020
_a
0590370715
100
_a
Stephanie Calmenson
245
_a
The Frog Prince
260
_a
New York
_b
Scholastic
_c
2001
942
_c
BK